000 01441cam a22004454i 4500
003 PE-LiUPU
005 20250731173101.0
008 150623s r 000 0 d
020 _a0828014299
035 _a(Sirsi) i9780828014298
040 _aPE-LiUPU
_bspa
_cPE-LiUPU
_erda
049 _aPRUA
050 _aBX6193
_b.K55W
082 0 4 _a286.732092
_bK69w
_223
100 1 _aKnight, George R.,
_eautor.
245 1 0 _aWalking with Ellen White :
_bthe human interest story /
_cGeorge R.Knight.
264 1 _aHagerstown, MD :
_bReview and Herald Publishing Association,
_c1999.
300 _a140 páginas :
_bilustraciones fotos, gráficos ;
_c20 centímetros.
336 _atext
_2rdacontent
337 _aunmediated
_2rdamedia
338 _avolume
_2rdacarrier
505 0 _aA word to the reader. Ellen White wasn´t as glum as many imagine.
526 _aSEG42
526 _aSEG41
526 _aSEG40
526 _aSEG39
526 _aP94
526 _aP87
526 _aP86
526 _aP85
526 _aP77
526 _aP76
526 _aP35
600 1 _aWhite, Elena G. de.
_d1827-1915
650 2 4 _aAdventistas del Séptimo Día
_xDoctrinas.
942 _2ddc
_cBOOK
949 _a286.7 K65W
_wDEWEY
_c1
_i53399
_lCCODEBUL1
_mBUL
_p9.00
_r0
_sY
_tBOOK
_u2015-6-24
_xTEOLOGIA
_0COMPRA
_o.STAFF. Colección General
999 _c28021
_d28021
980 _81
_gALBERTO SANCHEZ Responsable de Automatización